Geography In Pink Floyd Songs - Statistics

General Stats
  • This quiz has been taken 21 times
  • The average score is 7 of 23
Answer Stats
Answer % Correct
England
100%
United States/America
83%
Atlantic
67%
Russia
50%
San Tropez
44%
Japan
39%
Spain
33%
Afghanistan
28%
Los Angeles
28%
Nile
28%
Argentina
22%
Beirut
22%
Sweden
22%
Falkland
17%
Southampton
17%
Vietnam
17%
Bolivia
11%
Cambridgeshire
11%
Liverpool
11%
Dresden
6%
Jordan
6%
Latin America
6%
Peterborough
6%
No matching quizzes found
Score Distribution
Percent of People with Each Score
Percentile by Number Answered
Your Score History
You have not taken this quiz